|
|
|
|
| LEADER |
00000nam0a2200000 4500 |
| 001 |
204911 |
| 005 |
20240118113600.0 |
| 035 |
|
|
|a (RuTPU)RU\TPU\book\223356
|
| 090 |
|
|
|a 204911
|
| 100 |
|
|
|a 20111205d2011 m y0rusy50 ca
|
| 101 |
0 |
|
|a rus
|
| 102 |
|
|
|a RU
|
| 105 |
|
|
|a a j 001zy
|
| 200 |
1 |
|
|a Геохимические методы поисков месторождений полезных ископаемых
|e учебное пособие
|f В. Г. Ворошилов
|g Национальный исследовательский Томский политехнический университет (ТПУ)
|
| 210 |
|
|
|a Томск
|c Изд-во ТПУ
|d 2011
|
| 215 |
|
|
|a 104 с.
|c ил.
|
| 320 |
|
|
|a Библиогр.: с. 96-101.
|
| 330 |
|
|
|a В пособии изложены научные основы геохимических методов поисков полезных ископаемых, рассматриваются вопросы формирования потоков рассеяния, вторичных и первичных ореолов месторождений полезных ископаемых, проведения геохимических поисков в различных ландшафтных условиях, использования геохимических данных для прогнозно-поисковых целей и оценки ресурсов полезных ископаемых. Предназначено для студентов специализации "Геологическая съемка, поиски и разведка месторождений полезных ископаемых" специальности "Прикладная геология".
|
| 452 |
|
1 |
|0 (RuTPU)RU\TPU\book\235390
|t Геохимические методы поисков месторождений полезных ископаемых
|o учебное пособие
|f В. Г. Ворошилов
|g Национальный исследовательский Томский политехнический университет (ТПУ)
|c Томск
|n Изд-во ТПУ
|d 2011
|a Ворошилов, Валерий Гаврилович
|
| 606 |
1 |
|
|a Полезные ископаемые
|x Поиски и разведка
|x Геохимический метод
|2 stltpush
|3 (RuTPU)RU\TPU\subj\50104
|9 68851
|
| 610 |
1 |
|
|a месторождения полезных ископаемых
|
| 610 |
1 |
|
|a геохимическое поле
|
| 610 |
1 |
|
|a геохимические ореолы
|
| 610 |
1 |
|
|a геохимические барьеры
|
| 610 |
1 |
|
|a ландшафтно-геохимические исследования
|
| 610 |
1 |
|
|a ореолы рассеяния
|
| 610 |
1 |
|
|a потоки рассеяния
|
| 610 |
1 |
|
|a литогеохимические работы
|
| 610 |
1 |
|
|a биогеохимические методы
|
| 610 |
1 |
|
|a гидрогеохимические методы
|
| 610 |
1 |
|
|a атмогеохимические методы
|
| 610 |
1 |
|
|a геохимическое картирование
|
| 610 |
1 |
|
|a ГДП-200
|
| 610 |
1 |
|
|a аномальные геохимические поля
|
| 610 |
1 |
|
|a зональность
|
| 610 |
1 |
|
|a моделирование
|
| 610 |
1 |
|
|a учебные пособия
|
| 610 |
1 |
|
|a труды учёных ТПУ
|
| 675 |
|
|
|a 550.84(075.8)
|v 3
|
| 700 |
|
1 |
|a Ворошилов
|b В. Г.
|c геолог
|c профессор Томского политехнического университета, доктор геолого-минералогических наук
|f 1952-
|g Валерий Гаврилович
|3 (RuTPU)RU\TPU\pers\26072
|9 11910
|
| 712 |
0 |
2 |
|a Национальный исследовательский Томский политехнический университет (ТПУ)
|c (2009- )
|3 (RuTPU)RU\TPU\col\15902
|
| 801 |
|
1 |
|a RU
|b 63413507
|c 20111205
|
| 801 |
|
2 |
|a RU
|b 63413507
|c 20141218
|g RCR
|
| 942 |
|
|
|c BK
|